000 00244nam a2200097Ia 4500
008 230508s2005 xx 000 0 und d
041 _aeng
100 _aPHAKATKAR H.G
245 _aENGINEERING GRAPHICS VOL. I
260 _bNIRALI PUBLI.PUNE
_c2005
999 _c338914
_d338914